Statistics for countries that start with a

Click here to take the quiz!

General Stats

  • This quiz has been taken 25 times
  • The average score is 10 of 11

Answer Stats

HintAnswer% Correct
Central AsiaAfghanistan
95%
The BalkansAlbania
95%
North AfricaAlgeria
95%
Europeandorra
95%
South AmericaArgentina
95%
Central EuropeAustria
95%
CaribbeanAntigua and Barbuda
91%
Caucasisarmenia
91%
OceaniaAustralia
91%
Southern AfricaAngola
86%
CaucasusAzerbaijan
45%

Score Distribution

Percentile by Number Answered

Percent of People with Each Score

Your Score History

You have not taken this quiz